Industrial relations : origins and patterns of national diversity (Record no. 214469)

MARC details
000 -LEADER
fixed length control field 00569nam a2200193Ia 4500
008 - FIXED-LENGTH DATA ELEMENTS--GENERAL INFORMATION
fixed length control field 191130s2004##################000#0#eng##
020 ## - INTERNATIONAL STANDARD BOOK NUMBER
ISBN 9780415313834
082 ## - DEWEY DECIMAL CLASSIFICATION NUMBER
Classification number 331 POO
100 ## - MAIN ENTRY--AUTHOR NAME
Personal name Poole, Michael
245 ## - TITLE STATEMENT
Title Industrial relations : origins and patterns of national diversity
Statement of responsibility, etc Michael Poole
260 ## - PUBLICATION, DISTRIBUTION, ETC. (IMPRINT)
Place of publication London
Name of publisher Bantam Books
Year of publication 2004
300 ## - PHYSICAL DESCRIPTION
Number of Pages xiii,258p
500 ## - GENERAL NOTE
General note Includes bibliographical references and index
650 ## - SUBJECT ADDED ENTRY--TOPICAL TERM
Topical Term Economics
991 ## -
-- 123139
Holdings
Withdrawn status Lost status Damaged status Not for loan Home library Current library Shelving location Date acquired Full call number Accession Number Price effective from Koha item type
        Anna Centenary Library Anna Centenary Library 4TH FLOOR, A WING 13.10.2020 331 POO 181113 13.10.2020 English Books

Find us on the map